Top Athletes by Nickname - Statistics

General Stats
  • This quiz has been taken 22 times
  • The average score is 15 of 20
Answer Stats
Nickname Sport Answer % Correct
Air Jordan Basketball Micheal Jordan
100%
Iron Mike Boxing Mike Tyson
100%
The Greatest Boxing Muhammad Ali
100%
The GOAT American Football Tom Brady
100%
Lightning Bolt Track & Field Usain Bolt
100%
The Great One Ice Hockey Wayne Gretzky
100%
The Black Mamba Basketball Kobe Bryant
95%
King James Basketball LeBron James
95%
Tiger Golf Tiger Woods
95%
The Sultan of Swat Baseball Babe Ruth
84%
CR7 Soccer Cristiano Ronaldo
84%
The Birdman Skateboarding Tony Hawk
84%
La Pulga (The Flea) Soccer Lionel Messi
79%
The Swiss Maestro Tennis Roger Federer
74%
The King of Clay Tennis Rafael Nadal
68%
The GOAT Tennis Serena Williams
47%
Hammer Time Formula 1 Lewis Hamilton
37%
The Diesel Basketball Shaquille O’Neal
26%
Juninho / The Magician Soccer Neymar Jr.
21%
Wee Mac Golf Rory McIlroy
21%
No matching quizzes found
Score Distribution
Percent of People with Each Score
Percentile by Number Answered
Your Score History
You have not taken this quiz